000 01030cam a2200349Ma 4500
999 _c72956
_d72956
003 BJBSDDR
005 20230410124210.0
007 ta
008 080520s2007 ag 000 0 spa d
020 _a9789505186587
020 _a9505186584
035 _a(OCoLC)ocn427498412
035 _a(OCoLC)427498412
040 _aUNAMX
_bspa
_cUNAMX
041 1 _aspa
_hfre
049 _aGRAL
050 1 4 _aP 90
_bS522c 2007
100 1 _aSfez, Lucien,
_d1937-
240 1 0 _aCommunication.
_lEspañol
245 1 3 _aLa comunicación /
_cLucien Sfez ; traducción, Anibal C. Leal.
260 _aBuenos Aires, Argentina :
_bAmorrortu Editores,
_c2007.
300 _a142 p. ;
_c20 cm.
440 0 _aBiblioteca de comunicación, cultura y medios
500 _aTraduccion de: La communication.
650 0 _aCommunication.
650 4 _aComunicación
_91966
650 4 _aMedios de comunicación social
_91682
650 4 _aTautismo
_914921
700 1 _aLeal, Aníbal C.
_etraductor
_914923
942 _2lcc
_cBK
946 _aaa